Limitujúci je vždy ten prvok, ktorý je najmenej optimálny

Bibliographic Details
Main Author: Hanisko, Ľubomír (Author)
Format: Article
Language:Slovak
ISSN:1335-440X
Subjects:

MARC

LEADER 00000nab a2200000 ar4500
001 vtls008408856
003 SK-MaSNL
005 20260303070112.0
008 051110c20051021xo wr|p|||||||000 b|slo
015 |a SNBRB2005/11  |2 snkbucl 
038 |a SNKBUCL 
040 |a SNKBUCL  |b slo  |c SNKBUCL  |e AACR2 
041 0 |a slo 
044 |a xo  |c SK 
080 |a 634:631.67  |2 UDC-MRF-SK2 
080 |a 631.67  |2 UDC-MRF-SK2 
100 1 |a Hanisko, Ľubomír  |4 aut  |9 546560 
245 1 0 |a Limitujúci je vždy ten prvok, ktorý je najmenej optimálny  |c Ľubomír Hanisko 
650 0 7 |a ovocinárstvo  |2 snkbucl  |9 16370 
650 0 7 |a ovocné sady  |2 snkbucl  |9 69816 
650 0 7 |a závlahy  |2 snkbucl  |9 13225 
773 0 |t Sme. Roľnícke noviny  |g Č. 244 (21.10.2005)  |x 1335-440X 
773 0 8 |i Príl.:  |t Roľnícke noviny  |g Č. 43 (21.10.2005), s. 10-11 
852 |a SNK  |b KIS3GCP 
999 |c 1753969  |d 1755899